| 000 | 01019pam a2200325 a 4500 | ||
|---|---|---|---|
| 999 |
_c1309 _d1309 |
||
| 001 | 016081524 | ||
| 003 | Uk | ||
| 005 | 20230106104105.0 | ||
| 008 | 120430s2012 enka j 6 000 j eng d | ||
| 015 |
_aGBB244498 _2bnb |
||
| 016 | 7 |
_a016081524 _2Uk |
|
| 020 | _a9780007478316 (pbk.) : | ||
| 020 | _a0007478313 (pbk.) : | ||
| 040 |
_aStDuBDS _beng _cStDuBDS _dUk _dKH8 |
||
| 042 | _aukblcatcopy | ||
| 082 | 0 | 4 |
_a741.5973 PEI _223 |
| 100 | 1 |
_aPeirce, Lincoln. _eAuthor |
|
| 245 | 1 | 0 |
_aBig Nate :What Could Possibly Go Wrong? _b _cLincoln Peirce. |
| 260 |
_aLondon : _bHarperCollins Children's, _c2012. |
||
| 300 |
_a214 p. : _bchiefly col. ill. ; _c23 cm. |
||
| 336 |
_atext _2rdacontent |
||
| 337 |
_aunmediated _2rdamedia |
||
| 338 |
_avolume _2rdacarrier |
||
| 500 |
_aFormerly CIP. _5Uk |
||
| 530 | _aAlso issued online. | ||
| 650 | 0 |
_aBig Nate (Fictitious character) _vComic books, strips, etc. _vJuvenile fiction. |
|
| 650 | 0 | _aChildren's stories, American. | |
| 650 | 0 | _aGraphic novels. | |
| 942 |
_2ddc _cNFIC |
||